5HLuxD.jpg

KING HENRY VIII SENIOR AND PRIMARY SCHOOL LIBRARY OPAC

The things we leave behind / (Record no. 5402)

000 -LEADER
fixed length control field 01746nam a22002177a 4500
003 - CONTROL NUMBER IDENTIFIER
control field OSt
005 - DATE AND TIME OF LATEST TRANSACTION
control field 20250910105500.0
008 - FIXED-LENGTH DATA ELEMENTS--GENERAL INFORMATION
fixed length control field 250910b ||||| |||| 00| 0 eng d
020 ## - INTERNATIONAL STANDARD BOOK NUMBER
International Standard Book Number 9781471169816
040 ## - CATALOGING SOURCE
Transcribing agency KH8
082 ## - DEWEY DECIMAL CLASSIFICATION NUMBER
Classification number FIC FUR
100 ## - MAIN ENTRY--PERSONAL NAME
Personal name Furniss, Clare,
Relator term author.
245 ## - TITLE STATEMENT
Title The things we leave behind /
Statement of responsibility, etc. Clare Furniss.
260 ## - PUBLICATION, DISTRIBUTION, ETC.
Place of publication, distribution, etc. United Kingdom ;
Name of publisher, distributor, etc. Simon & Schuster Ltd ,
Date of publication, distribution, etc. 2024.
300 ## - PHYSICAL DESCRIPTION
Extent 306 pages :
Dimensions 20 cm.
520 ## - SUMMARY, ETC.
Summary, etc. In the near future, in a world that could be, but is not quite, ours, sixteen-year-old Clem is happy. Celebrating her birthday surrounded by friends, family and a warm summer evening, there’s nothing that could ruin this day. But by morning, everything has changed . . . After years of a growing totalitarian regime, civil unrest in London has reached an all-time high, and it’s no longer safe to stay in the city. Fleeing with nothing but her half-sister Billie, a notebook filled with stories and memories of home, Clem must make the treacherous journey to Edinburgh, first by road and then by boat. What waits for the sisters on the other side – the start of a new life, or a mirror held up to the past?PRAISE FOR CLARE ‘Lingers in the mind long after the final word has been read’ Malorie Blackman, author of Noughts & Crosses ‘Absolutely gorgeous, heartfelt and incredibly enjoyable’ Robin Stevens, author of the Murder Most Unladylike series ‘Funny, sharply observed, shocking and wonderful’ Sunday Times ‘A beautifully executed story . . . gloriously funny, deeply emotional and a triumph’ Daily Mail ‘Beautifully written’ Stylist
650 ## - SUBJECT ADDED ENTRY--TOPICAL TERM
Topical term or geographic name entry element mental health
Form subdivision fiction
650 ## - SUBJECT ADDED ENTRY--TOPICAL TERM
Topical term or geographic name entry element family
Form subdivision fiction
650 ## - SUBJECT ADDED ENTRY--TOPICAL TERM
Topical term or geographic name entry element politics
Form subdivision fiction
942 ## - ADDED ENTRY ELEMENTS (KOHA)
Source of classification or shelving scheme
Koha item type Books - Fiction
Holdings
Withdrawn status Lost status Source of classification or shelving scheme Damaged status Not for loan Collection code Permanent Location Current Location Shelving location Date acquired Full call number Barcode Date last seen Price effective from Koha item type
          Fiction KH8 Senior School Library KH8 Senior School Library Young Adult 2025-09-10 FIC FUR 3KHSL000102421 2025-09-10 2025-09-10 Books - Fiction

Powered By KH8 IT Dept